| 000 | 00362nam a2200121Ia 4500 | ||
|---|---|---|---|
| 008 | 220204s9999 xx 000 0 und d | ||
| 082 |
_a347.961.4 _bSEN |
||
| 100 | _aSEN, B | ||
| 245 | 0 | _aDe Souza's forms and precedents of conveyancing and other instruments and major petitions to courts | |
| 250 | _aEd.10 | ||
| 260 |
_aCalcutta _bEaster Law _c1976 |
||
| 942 | _cBK | ||
| 999 |
_c26175 _d26175 |
||